Le petit train des capitales - Statistiques

Statistiques générales
  • Ce quiz a été pris 6 881 fois
    6 821 depuis la dernière actualisation
  • Le résultat moyen est 7 sur 20
Statistiques - réponses
Capitales Réponse Capitales % Correct
Kiev Vaduz Zagreb
63%
Riyad Damas Séoul
60%
Stockholm Madrid Djibouti
48%
Djibouti Islamabad Doha
47%
Tokyo Oslo Ouagadougou
45%
Oulan-Bator Reykjavik Kiev
43%
Abuja Alger Riyad
39%
Ottawa Amsterdam Minsk
35%
Singapour Rabat Tokyo
34%
Minsk Kaboul Luxembourg
30%
Séoul Londres Stockholm
28%
Niamey Yaoundé Erevan
28%
Téhéran Naypyidaw Windhoek
26%
Doha Achgabat Tirana
25%
Tirana Antananarivo Oulan-Bator
24%
Zagreb Bamako Ottawa
23%
Erevan Nouakchott Téhéran
19%
Luxembourg Georgetown Niamey
17%
Windhoek Kuala Lumpur Riga
17%
Riga Athènes Singapour
13%
Aucun quiz correspondant
Distribution des résultats
% des personnes avec chaque résultat
Percentile par nombre de réponses
Votre historique - résultats
Vous n’avez pas pris ce quiz depuis la dernière actualisation